[Event "NAYCC U16"]
[Site "Windsor CAN"]
[Date "2016.08.08"]
[Round "2.39"]
[White "Rodrigue-Lemieux, Shawn"]
[Black "Chen, Richard"]
[Result "0-1"]
[WhiteElo "2044"]
[BlackElo "2155"]
[PlyCount "82"]
[EventDate "2016.08.07"]
[EventType "swiss"]
[EventRounds "9"]
[EventCountry "CAN"]

1. c4 e5 2. a3 g6 3. Nc3 Bg7 4. e3 d6 5. d3 Nf6 6. g3 c6 7. Bg2 O-O 8. Nge2 Re8
9. O-O Nbd7 10. b4 Nf8 11. Rb1 d5 12. b5 Ne6 13. e4 dxc4 14. dxc4 Qe7 15. Bb2
Rd8 16. Qc1 Nc5 17. Qc2 Be6 18. Na4 cxb5 19. cxb5 Nb3 20. Rfd1 Rac8 21. Rxd8+
Qxd8 22. Bc3 Nd4 23. Qd1 Bb3 24. Qd2 Nxe2+ 25. Qxe2 Bxa4 26. Bxe5 Ne8 27. Bxg7
Nxg7 28. e5 Rc2 29. Qf3 Qd2 30. Bf1 Ne6 31. h4 Nd4 32. Qf6 Nf5 33. Be2 Rc1+ 34.
Rxc1 Qxc1+ 35. Kg2 Qc7 36. g4 Ng7 37. h5 Bb3 38. Bf3 Ne8 39. Qf4 Qd7 40. Qe3
Bd5 41. a4 Qxg4+ 0-1

[Event "NAYCC U16"]
[Site "Windsor CAN"]
[Date "2016.08.08"]
[Round "3.43"]
[White "D'Amore, Tyler"]
[Black "Rodrigue-Lemieux, Shawn"]
[Result "0-1"]
[WhiteElo "1808"]
[BlackElo "2044"]
[PlyCount "92"]
[EventDate "2016.08.07"]
[EventType "swiss"]
[EventRounds "9"]
[EventCountry "CAN"]

1. d4 d5 2. Bf4 Nf6 3. Nf3 e6 4. e3 Be7 5. Bd3 b6 6. O-O O-O 7. h3 Ba6 8. Bxa6
Nxa6 9. Ne5 Nb8 10. Nd2 Nfd7 11. c4 Nxe5 12. Bxe5 Nd7 13. Bh2 Nf6 14. Rc1 c5
15. cxd5 exd5 16. dxc5 bxc5 17. Nb3 Rc8 18. Qe2 Qb6 19. Rfd1 Rfd8 20. Rc2 h6
21. Nd2 Bf8 22. Nf3 Ne4 23. Be5 Qg6 24. Bh2 Qe6 25. Rd3 g6 26. Be5 Qf5 27. Bh2
Bg7 28. Rd1 Kh7 29. Rdc1 h5 30. Qd3 Bf6 31. b3 Kg7 32. Qe2 Re8 33. Qd3 Rcd8 34.
Qb5 Re7 35. Qa5 Rdd7 36. b4 c4 37. b5 g5 38. Qb4 g4 39. hxg4 hxg4 40. Nd4 Bxd4
41. exd4 Qg5 42. a4 f6 43. Qa3 Qf5 44. Bb8 Re8 45. Bh2 Ng5 46. Qg3 Qxc2 0-1

[Event "NAYCC U16"]
[Site "Windsor CAN"]
[Date "2016.08.09"]
[Round "4.38"]
[White "Rodrigue-Lemieux, Shawn"]
[Black "Fields, Noah"]
[Result "1-0"]
[WhiteElo "2044"]
[BlackElo "1963"]
[PlyCount "77"]
[EventDate "2016.08.07"]
[EventType "swiss"]
[EventRounds "9"]
[EventCountry "CAN"]

1. d4 d5 2. c4 e6 3. Nc3 Nf6 4. Bg5 Nbd7 5. cxd5 exd5 6. e3 c6 7. Bd3 Be7 8.
Nge2 O-O 9. Qc2 Re8 10. O-O Nf8 11. Rab1 Ng6 12. Ng3 Ng4 13. Bxe7 Qxe7 14. h3
Nf6 15. b4 Bd7 16. b5 c5 17. dxc5 Qxc5 18. Nce2 Rac8 19. Qb2 Ne5 20. Rfc1 Qd6
21. Rd1 Rc5 22. Nd4 Nxd3 23. Rxd3 Qb6 24. a4 Rc4 25. Ra1 Rec8 26. Ndf5 Bxf5 27.
Nxf5 Qe6 28. Rxd5 g6 29. Re5 Rb4 30. Rxe6 Rxb2 31. Rxf6 gxf5 32. Rxf5 Rcc2 33.
Rf4 a6 34. bxa6 bxa6 35. Rd1 Rd2 36. Rxd2 Rxd2 37. Rf6 Rd1+ 38. Kh2 Rd2 39. Kg3
1-0

[Event "NAYCC U16"]
[Site "Windsor CAN"]
[Date "2016.08.09"]
[Round "5.34"]
[White "Maulucci, Anthony"]
[Black "Rodrigue-Lemieux, Shawn"]
[Result "1/2-1/2"]
[WhiteElo "1788"]
[BlackElo "2044"]
[PlyCount "46"]
[EventDate "2016.08.07"]
[EventType "swiss"]
[EventRounds "9"]
[EventCountry "CAN"]

1. d4 d5 2. c4 e6 3. Nc3 Nf6 4. cxd5 exd5 5. Bg5 Be7 6. e3 O-O 7. Qc2 Nbd7 8.
Bd3 Re8 9. Nge2 Nf8 10. O-O b6 11. f3 c5 12. dxc5 bxc5 13. Rfe1 Be6 14. Bh4 Ng6
15. Bf2 Bd6 16. Nb5 Bf8 17. Rad1 Qa5 18. Nbc3 Rac8 19. Nc1 Red8 20. Nb3 Qb6 21.
Bf1 Qb4 22. Rd2 Qb7 23. Red1 Be7 1/2-1/2

[Event "NAYCC U16"]
[Site "Windsor CAN"]
[Date "2016.08.10"]
[Round "6.33"]
[White "Rodrigue-Lemieux, Shawn"]
[Black "Yen, Michael"]
[Result "1-0"]
[WhiteElo "2044"]
[BlackElo "1969"]
[PlyCount "149"]
[EventDate "2016.08.07"]
[EventType "swiss"]
[EventRounds "9"]
[EventCountry "CAN"]

1. e4 e6 2. d4 d5 3. Nd2 Nf6 4. e5 Nfd7 5. f4 c5 6. c3 Nc6 7. Ndf3 Be7 8. Bd3
Qb6 9. Ne2 f6 10. a3 a5 11. Qa4 c4 12. Bb1 Qb3 13. Qxb3 cxb3 14. a4 Ra6 15. Be3
Nb6 16. Bd3 Nc4 17. Bxc4 dxc4 18. Nd2 Bd7 19. Nxc4 Nb8 20. Nd2 Bc6 21. O-O Nd7
22. Nxb3 Nb6 23. Nc5 Bxc5 24. dxc5 Nxa4 25. b3 Nb2 26. Ra2 Nd3 27. Rd2 Be4 28.
exf6 gxf6 29. Rfd1 Ke7 30. Rxd3 Bxd3 31. Rxd3 a4 32. bxa4 Rxa4 33. Kf2 Rd8 34.
Rxd8 Kxd8 35. Kf3 Ke7 36. Bd4 Kf7 37. Ng3 f5 38. Nh1 Ra1 39. Nf2 Ra2 40. Nd3
Rc2 41. Ne5+ Ke7 42. Nc4 Rc1 43. Nd6 Rb1 44. Ke3 Kd7 45. Nf7 Rb2 46. Kf3 Ke7
47. Ng5 h6 48. Nh3 Rd2 49. Nf2 Rc2 50. Nd3 Rd2 51. Ne5 Rd1 52. c6 bxc6 53.
Nxc6+ Kf7 54. Ne5+ Ke7 55. h3 Rf1+ 56. Kg3 Rc1 57. Kh4 Rc2 58. g3 Rg2 59. Nc4
Kf7 60. Ne3 Rh2 61. Be5 Re2 62. Nc4 Rg2 63. Nd6+ Ke7 64. Nb5 Rh2 65. Bg7 Kf7
66. Bxh6 Rb2 67. Nd6+ Kg6 68. Bg5 Rb6 69. Nc4 Rb3 70. Ne5+ Kg7 71. c4 Rc3 72.
Be7 Rc2 73. c5 Rc3 74. c6 Rc2 75. Bd6 1-0

[Event "NAYCC U16"]
[Site "Windsor CAN"]
[Date "2016.08.10"]
[Round "7.32"]
[White "Zhong, Joey"]
[Black "Rodrigue-Lemieux, Shawn"]
[Result "1/2-1/2"]
[WhiteElo "2024"]
[BlackElo "2044"]
[PlyCount "90"]
[EventDate "2016.08.07"]
[EventType "swiss"]
[EventRounds "9"]
[EventCountry "CAN"]

1. e4 c6 2. d4 d5 3. e5 Bf5 4. Nf3 e6 5. Be2 Nd7 6. O-O Ne7 7. Nbd2 c5 8. c4
cxd4 9. Nxd4 Nxe5 10. cxd5 Qxd5 11. Qa4+ N7c6 12. Nxc6 Nxc6 13. Bf3 Qd7 14. Nc4
Ne5 15. Qxd7+ Nxd7 16. Bxb7 Rd8 17. Rd1 Bc5 18. Nd6+ Bxd6 19. Rxd6 Ke7 20. Rd1
Nc5 21. Rxd8 Rxd8 22. Bf3 Nd3 23. Be3 a6 24. b3 e5 25. g4 Bg6 26. h4 h6 27. Bb7
Rd6 28. b4 Kd7 29. a4 Kc7 30. Bg2 f5 31. gxf5 Bxf5 32. b5 Nf4 33. b6+ Kb8 34.
Bf1 Rg6+ 35. Kh2 Rg4 36. Bxf4 Rxf4 37. Bxa6 Rxf2+ 38. Kg3 Rb2 39. a5 Rb3+ 40.
Kf2 Bd3 41. Bxd3 Rxd3 42. a6 Rb3 43. a7+ Ka8 44. Rg1 g5 45. hxg5 hxg5 1/2-1/2

[Event "NAYCC U16"]
[Site "Windsor CAN"]
[Date "2016.08.11"]
[Round "8.33"]
[White "Rodrigue-Lemieux, Shawn"]
[Black "Habib, Adnan"]
[Result "0-1"]
[WhiteElo "2044"]
[BlackElo "1691"]
[PlyCount "100"]
[EventDate "2016.08.07"]
[EventType "swiss"]
[EventRounds "9"]
[EventCountry "CAN"]

1. e4 d5 2. exd5 Qxd5 3. Nc3 Qa5 4. Bc4 Nf6 5. d3 c6 6. Bd2 Qc7 7. Qe2 Bf5 8.
f3 h5 9. O-O-O Nbd7 10. Nh3 Bxh3 11. gxh3 e6 12. Rde1 O-O-O 13. Rhg1 g6 14. Kb1
Kb8 15. Ne4 Nd5 16. d4 Nf4 17. Bxf4 Qxf4 18. Ng5 Bd6 19. Qe4 Qf6 20. Qe2 Bf4
21. h4 Nb6 22. c3 Nxc4 23. Qxc4 Rd5 24. Qe2 Bxg5 25. hxg5 Rxg5 26. Qe3 Rd5 27.
a3 Rhd8 28. Ka2 Qh4 29. Re2 c5 30. Qe4 Qe7 31. Rd1 cxd4 32. cxd4 Qd6 33. Red2
Rc8 34. Qe3 a6 35. Re2 Rf5 36. Qe4 Rd8 37. Red2 Qd5+ 38. Qxd5 Rdxd5 39. Rd3 Rf4
40. Kb3 Rdf5 41. Rf1 Kc7 42. Kc3 Kd6 43. Kd2 Rh4 44. Rf2 Rff4 45. Ke3 g5 46.
Rb3 b5 47. Rd3 Kd5 48. Rfd2 Rh3 49. Rf2 Rf5 50. Ke2 g4 0-1

[Event "NAYCC U16"]
[Site "Windsor CAN"]
[Date "2016.08.11"]
[Round "9.35"]
[White "Zhao, Harry"]
[Black "Rodrigue-Lemieux, Shawn"]
[Result "0-1"]
[WhiteElo "1809"]
[BlackElo "2044"]
[PlyCount "88"]
[EventDate "2016.08.07"]
[EventType "swiss"]
[EventRounds "9"]
[EventCountry "CAN"]

1. d4 d5 2. Nf3 Nf6 3. e3 Bf5 4. c4 e6 5. Qb3 Qc8 6. Nc3 c6 7. Nh4 Bg6 8. Nxg6
hxg6 9. g3 Nbd7 10. Bg2 Nb6 11. cxd5 exd5 12. a4 Bd6 13. O-O O-O 14. a5 Nbd7
15. Bd2 Re8 16. Rfc1 Qb8 17. a6 b6 18. Na2 Qc7 19. Bb4 Ne4 20. Rc2 Rac8 21.
Rac1 Nb8 22. Bh3 f5 23. Bf1 Kh7 24. Bxd6 Qxd6 25. Nb4 Qe6 26. Qa2 g5 27. Nd3 g4
28. b4 Nd7 29. b5 c5 30. Nf4 Qh6 31. Qxd5 Ndf6 32. Qb7 Nh5 33. Qxa7 Ng5 34. Bg2
Nxf4 35. gxf4 Nf3+ 36. Bxf3 gxf3 37. Kh1 cxd4 38. Rc6 Rxc6 39. bxc6 dxe3 40.
fxe3 Rxe3 41. Qxb6 Re2 42. Qg1 f2 43. Qf1 Re1 44. Rxe1 Qxc6+ 0-1

[Event "CAN-op"]
[Site "Windsor CAN"]
[Date "2016.07.10"]
[Round "1.21"]
[White "Rodrigue-Lemieux, Shawn"]
[Black "D'Amore, Tyler"]
[Result "1-0"]
[WhiteElo "2101"]
[BlackElo "1946"]
[PlyCount "49"]
[EventDate "2016.07.10"]
[EventType "swiss"]
[EventRounds "9"]
[EventCountry "CAN"]

1. e4 c6 2. d4 d5 3. Nc3 dxe4 4. Nxe4 Bf5 5. Ng3 Bg6 6. Nh3 e6 7. Nf4 Nf6 8. h4
Nbd7 9. h5 Bf5 10. Nxf5 exf5 11. Bd3 Rg8 12. Qe2+ Be7 13. Bd2 g5 14. hxg6 hxg6
15. O-O-O Nb6 16. Rhe1 Qd7 17. c4 Rf8 18. Kb1 Ng8 19. c5 Nd5 20. Nxd5 Qxd5 21.
Bh6 O-O-O 22. Bxf8 Bxf8 23. Bc4 Qxg2 24. Bxf7 Ne7 25. Qe5 1-0

[Event "CAN-op"]
[Site "Windsor CAN"]
[Date "2016.07.12"]
[Round "3.12"]
[White "Rodrigue-Lemieux, Shawn"]
[Black "Barron, Michael"]
[Result "1-0"]
[WhiteElo "2101"]
[BlackElo "2309"]
[PlyCount "97"]
[EventDate "2016.07.10"]
[EventType "swiss"]
[EventRounds "9"]
[EventCountry "CAN"]

1. e4 e5 2. Nf3 Nc6 3. Bc4 Bc5 4. c3 Nf6 5. d3 O-O 6. O-O d5 7. exd5 Nxd5 8.
Nbd2 Bb6 9. Re1 Nf6 10. h3 Re8 11. Ng5 Re7 12. Nde4 Nxe4 13. Nxe4 Be6 14. Bg5
f6 15. Bh4 Bxc4 16. dxc4 Qxd1 17. Raxd1 a5 18. Rd5 Kf7 19. Red1 Rg8 20. g4 Ke6
21. Rb5 Rd8 22. Rxd8 Nxd8 23. c5 Ba7 24. Rxa5 Nc6 25. Ra4 Rd7 26. b4 Bb8 27.
Ra8 Rd8 28. b5 Ba7 29. Rxd8 Nxd8 30. c4 Kd7 31. f3 Ne6 32. Bf2 Bb8 33. Be3 c6
34. b6 Ke7 35. Kf2 g6 36. Ke2 f5 37. gxf5 gxf5 38. Nd2 Kf6 39. Nb3 e4 40. fxe4
fxe4 41. Na5 Nd8 42. h4 Ke5 43. Bg5 Ne6 44. Ke3 Nxg5 45. hxg5 Kf5 46. Nxb7 Bf4+
47. Kf2 Ke5 48. Nd6 Kd4 49. b7 1-0

[Event "CAN-op"]
[Site "Windsor CAN"]
[Date "2016.07.13"]
[Round "4.7"]
[White "Song, Edward"]
[Black "Rodrigue-Lemieux, Shawn"]
[Result "1/2-1/2"]
[WhiteElo "2305"]
[BlackElo "2003"]
[PlyCount "112"]
[EventDate "2016.07.10"]
[EventType "swiss"]
[EventRounds "9"]
[EventCountry "CAN"]

1. e4 c5 2. Nf3 d6 3. d4 cxd4 4. Nxd4 Nf6 5. Nc3 Nc6 6. Bg5 e6 7. Qd2 Be7 8.
O-O-O O-O 9. Nb3 a6 10. Bxf6 Bxf6 11. Qxd6 Bxc3 12. Qxd8 Bxb2+ 13. Kxb2 Rxd8
14. Rxd8+ Nxd8 15. Be2 Kf8 16. Rd1 Ke7 17. Nc5 b6 18. Na4 b5 19. Nb6 Rb8 20.
Nxc8+ Rxc8 21. a4 bxa4 22. Bxa6 a3+ 23. Kb3 Rb8+ 24. Kc3 Nb7 25. Bxb7 Rxb7 26.
Ra1 Rc7+ 27. Kb3 Rd7 28. c3 Kf6 29. Rxa3 Ke5 30. f3 Kf4 31. c4 Ke3 32. Ra1 Rd3+
33. Kb4 Rd2 34. c5 Rxg2 35. Rc1 Rxh2 36. c6 Rb2+ 37. Kc5 Rb8 38. c7 Rc8 39. Kd6
Kxf3 40. e5 Ke4 41. Re1+ Kd4 42. Rg1 f6 43. Rg4+ Ke3 44. Rc4 fxe5 45. Kd7 Rxc7+
46. Rxc7 e4 47. Kxe6 Kd2 48. Rd7+ Kc2 49. Kf5 e3 50. Kf4 e2 51. Re7 Kd2 52.
Rd7+ Kc2 53. Rc7+ Kd2 54. Rd7+ Kc2 55. Rc7+ Kd2 56. Rd7+ Kc2 1/2-1/2

[Event "CAN-op"]
[Site "Windsor CAN"]
[Date "2016.07.14"]
[Round "5.7"]
[White "Rodrigue-Lemieux, Shawn"]
[Black "Sohal, Tanraj"]
[Result "1/2-1/2"]
[WhiteElo "2003"]
[BlackElo "2334"]
[PlyCount "46"]
[EventDate "2016.07.10"]
[EventType "swiss"]
[EventRounds "9"]
[EventCountry "CAN"]

1. e4 c5 2. Nf3 e6 3. b3 Nc6 4. Bb2 a6 5. a4 Qc7 6. Be2 Nf6 7. Nc3 Bd6 8. O-O
O-O 9. Re1 b6 10. Bf1 Bb7 11. g3 Ne5 12. Bg2 Nxf3+ 13. Bxf3 Be5 14. Qe2 Rad8
15. Bg2 Rfe8 16. f4 Bd4+ 17. Kh1 e5 18. f5 g5 19. Rad1 Kh8 20. Bc1 Bxc3 21.
dxc3 Rg8 22. c4 d6 23. g4 Ne8 1/2-1/2

[Event "CAN-op"]
[Site "Windsor CAN"]
[Date "2016.07.15"]
[Round "6.7"]
[White "Cherniaev, Alexander"]
[Black "Rodrigue-Lemieux, Shawn"]
[Result "1/2-1/2"]
[WhiteElo "2451"]
[BlackElo "2003"]
[PlyCount "33"]
[EventDate "2016.07.10"]
[EventType "swiss"]
[EventRounds "9"]
[EventCountry "CAN"]

1. e4 c6 2. Ne2 d5 3. e5 Bf5 4. Nf4 e6 5. g4 Qg5 6. gxf5 Qxf4 7. Qe2 Nd7 8.
fxe6 fxe6 9. Bh3 Qxe5 10. Bxe6 Qxe2+ 11. Kxe2 O-O-O 12. Bxg8 Rxg8 13. d4 Bd6
14. Be3 Nf6 15. Nd2 Rde8 16. Rag1 g6 17. Kd3 1/2-1/2

[Event "CAN-op"]
[Site "Windsor CAN"]
[Date "2016.07.16"]
[Round "7.10"]
[White "Humphreys, Michael"]
[Black "Rodrigue-Lemieux, Shawn"]
[Result "1-0"]
[WhiteElo "2206"]
[BlackElo "2003"]
[PlyCount "73"]
[EventDate "2016.07.10"]
[EventType "swiss"]
[EventRounds "9"]
[EventCountry "CAN"]

1. c4 c5 2. Nf3 Nf6 3. g3 Nc6 4. Bg2 d6 5. O-O g6 6. d4 cxd4 7. Nxd4 Bd7 8. Nc2
Bg7 9. Nc3 O-O 10. b3 Qc8 11. Bb2 Bh3 12. Ne3 Bxg2 13. Kxg2 Rd8 14. Qd2 Ng4 15.
Ned5 Bh6 16. e3 e6 17. h3 Nge5 18. Nf6+ Kh8 19. f4 Nd7 20. Nce4 Bg7 21. Ng4 Qc7
22. Ng5 Rf8 23. Bxg7+ Kxg7 24. Qb2+ e5 25. fxe5 Ndxe5 26. Rxf7+ Qxf7 27. Nxf7
Rxf7 28. c5 h5 29. Nxe5 dxe5 30. Rd1 Kh7 31. b4 Re8 32. b5 Nd8 33. Rd5 e4 34.
Re5 Rfe7 35. Rxe7+ Rxe7 36. Qf6 Rd7 37. c6 1-0

[Event "CAN-op"]
[Site "Windsor CAN"]
[Date "2016.07.16"]
[Round "8.14"]
[White "Rodrigue-Lemieux, Shawn"]
[Black "Kiraly, Istvan"]
[Result "0-1"]
[WhiteElo "2101"]
[BlackElo "2245"]
[PlyCount "108"]
[EventDate "2016.07.10"]
[EventType "swiss"]
[EventRounds "9"]
[EventCountry "CAN"]

1. e4 d6 2. d4 Nf6 3. Nc3 g6 4. f4 Bg7 5. Nf3 O-O 6. Be3 a6 7. Bd3 Nc6 8. Qd2
Bg4 9. O-O-O Nb4 10. Rdf1 Bxf3 11. Rxf3 Ng4 12. Bg1 c5 13. Be2 cxd4 14. Bxd4 e5
15. Bg1 exf4 16. Kb1 Ne5 17. Rh3 f3 18. gxf3 Qc8 19. Rg3 Nc4 20. Bxc4 Qxc4 21.
Qe2 Qe6 22. Be3 Rfc8 23. a3 Bxc3 24. axb4 Bxb4 25. h4 Rc7 26. Bb6 Rc6 27. Bd4
Rac8 28. c3 Bc5 29. Bxc5 Rxc5 30. h5 Ra5 31. hxg6 Qa2+ 32. Kc2 fxg6 33. Qh2 Qf7
34. Rh3 h5 35. Qxd6 Rg5 36. R1h2 Rf8 37. Rd2 Qf4 38. Qxf4 Rxf4 39. Kd3 Rg1 40.
Ke3 Rf6 41. Rhh2 Rg3 42. Rhf2 g5 43. e5 Rf5 44. Rd8+ Kf7 45. Rd7+ Ke6 46. Rxb7
g4 47. Rb6+ Kxe5 48. Rxa6 Rgxf3+ 49. Rxf3 Rxf3+ 50. Ke2 h4 51. Rh6 h3 52. b4
Rxc3 53. Kf2 g3+ 54. Kf1 Rc1+ 0-1

[Event "CYCC U12"]
[Site "Windsor CAN"]
[Date "2016.07.05"]
[Round "1.51"]
[White "Chung, Leo"]
[Black "Rodrigue-Lemieux, Shawn"]
[Result "0-1"]
[WhiteElo "1111"]
[BlackElo "2130"]
[PlyCount "98"]
[EventDate "2016.07.05"]
[EventType "swiss"]
[EventRounds "7"]
[EventCountry "CAN"]

1. Nf3 Nf6 2. g3 e6 3. Bg2 Be7 4. O-O O-O 5. d3 d5 6. Nbd2 c5 7. c3 Nc6 8. e4
Qc7 9. Re1 Re8 10. a3 a5 11. e5 Nd7 12. d4 Qb6 13. Nf1 a4 14. Rb1 cxd4 15. cxd4
Bxa3 16. Ng5 Be7 17. Qd3 Bxg5 18. Bxg5 Qxd4 19. Qa3 Ndxe5 20. Be3 Qg4 21. Nd2
Qf5 22. h3 Bd7 23. f4 Ng6 24. Bc5 Qf6 25. Nf3 Qd8 26. Rbd1 Qa5 27. Nd4 Nxd4 28.
Bxd4 Rac8 29. Bc3 Qc5+ 30. Qxc5 Rxc5 31. Kf2 Ne7 32. g4 a3 33. Rd2 axb2 34.
Bxb2 Rcc8 35. Ba3 Nc6 36. Bd6 Na5 37. g5 Nc4 38. Bb4 Nxd2 39. Bxd2 Rc2 40. Ke3
Ra8 41. Rb1 Bc6 42. Bf3 Ra3+ 43. Ke2 Rxd2+ 44. Kxd2 Rxf3 45. Ra1 g6 46. h4 Rxf4
47. h5 gxh5 48. Rh1 h4 49. Ke3 d4+ 0-1

[Event "CYCC U12"]
[Site "Windsor CAN"]
[Date "2016.07.06"]
[Round "2.50"]
[White "Rodrigue-Lemieux, Shawn"]
[Black "Zhao, Jonathan"]
[Result "1-0"]
[WhiteElo "2130"]
[BlackElo "1585"]
[PlyCount "107"]
[EventDate "2016.07.05"]
[EventType "swiss"]
[EventRounds "7"]
[EventCountry "CAN"]

1. c4 e6 2. Nf3 Nf6 3. a3 d5 4. e3 Bd6 5. Nc3 Nbd7 6. d4 b6 7. cxd5 exd5 8. Bd3
Bb7 9. O-O O-O 10. Re1 Ne4 11. Qc2 Ndf6 12. Nb5 Be7 13. Qxc7 Qxc7 14. Nxc7 Rac8
15. Na6 Bxa6 16. Bxa6 Rc7 17. h3 Rb8 18. Bd3 Rbc8 19. Kf1 Bd6 20. Bd2 Kf8 21.
Ke2 Ke7 22. Rac1 Rxc1 23. Rxc1 Rxc1 24. Bxc1 a5 25. Nd2 Nxd2 26. Bxd2 Ne4 27.
Be1 g6 28. f3 Ng3+ 29. Kd2 f5 30. Kc3 Kd8 31. Kb3 h6 32. Ka4 Kc7 33. Bb5 g5 34.
Be8 Nf1 35. Bf2 Nd2 36. Bb5 Nc4 37. Kb3 f4 38. Bxc4 dxc4+ 39. Kxc4 fxe3 40.
Bxe3 Kb7 41. Kd5 Bf8 42. Ke6 b5 43. Kf7 Bd6 44. Kg7 Kc6 45. Kxh6 Bf4 46. Bxf4
gxf4 47. Kg5 b4 48. axb4 a4 49. h4 Kb5 50. h5 Kxb4 51. h6 Kb3 52. h7 Kxb2 53.
h8=Q a3 54. d5+ 1-0

[Event "CYCC U12"]
[Site "Windsor CAN"]
[Date "2016.07.06"]
[Round "3.50"]
[White "Hemstapat, Andrew"]
[Black "Rodrigue-Lemieux, Shawn"]
[Result "0-1"]
[WhiteElo "1883"]
[BlackElo "2130"]
[PlyCount "90"]
[EventDate "2016.07.05"]
[EventType "swiss"]
[EventRounds "7"]
[EventCountry "CAN"]

1. e4 c5 2. Nf3 d6 3. d4 cxd4 4. Nxd4 Nf6 5. Nc3 Nc6 6. Be2 e5 7. Nb3 Be7 8.
Be3 O-O 9. O-O Be6 10. Nd5 Nxe4 11. Bf3 Bxd5 12. Qxd5 Nf6 13. Qd2 d5 14. Rfd1
d4 15. Bg5 Qc7 16. c3 Rad8 17. Rac1 e4 18. Bxf6 Bxf6 19. Bxe4 dxc3 20. Qe2 cxb2
21. Rc5 Rxd1+ 22. Qxd1 Re8 23. Bd3 Qd6 24. Kf1 Rd8 25. Ke2 Qxd3+ 26. Qxd3 Rxd3
27. Rc1 bxc1=Q 28. Nxc1 Rc3 29. Kd2 b5 30. Ne2 Ra3 31. Nc1 Bg5+ 32. f4 Bxf4+
33. Kc2 Nd4+ 34. Kb2 Bxc1+ 35. Kxc1 Rxa2 36. Kb1 Rxg2 37. h4 b4 38. h5 b3 39.
h6 Rc2 40. hxg7 a5 41. Ka1 a4 42. Kb1 a3 43. Ka1 Ne2 44. Kb1 Nc3+ 45. Ka1 b2#
0-1

[Event "CYCC U12"]
[Site "Windsor CAN"]
[Date "2016.07.07"]
[Round "4.50"]
[White "Rodrigue-Lemieux, Shawn"]
[Black "Huang, Qiuyu"]
[Result "1/2-1/2"]
[WhiteElo "2089"]
[BlackElo "2102"]
[PlyCount "65"]
[EventDate "2016.07.05"]
[EventType "swiss"]
[EventRounds "7"]
[EventCountry "CAN"]

1. b3 e6 2. Bb2 Nf6 3. e3 b6 4. f4 Bb7 5. Nf3 Be7 6. Be2 c5 7. O-O O-O 8. d3
Nc6 9. Qe1 Nd5 10. Qd2 f5 11. c4 Nf6 12. Na3 Qe8 13. Nc2 Qg6 14. a3 d5 15. Nh4
Qh6 16. Nf3 Rad8 17. Qe1 Nh5 18. Ne5 Nxe5 19. Bxe5 Bf6 20. Qd1 Bxe5 21. fxe5
dxc4 22. bxc4 Qg5 23. Rf2 g6 24. Bxh5 gxh5 25. Qe2 Rd7 26. Raf1 Qg4 27. Ne1
Rdf7 28. Nf3 Rg7 29. Ne1 Kh8 30. Qd2 Rd8 31. Rf4 Qg5 32. Qe2 Rdg8 33. R1f2
1/2-1/2

[Event "CYCC U12"]
[Site "Windsor CAN"]
[Date "2016.07.08"]
[Round "6.52"]
[White "Rodrigue-Lemieux, Shawn"]
[Black "Li, Jack"]
[Result "1-0"]
[WhiteElo "2089"]
[BlackElo "1546"]
[PlyCount "137"]
[EventDate "2016.07.05"]
[EventType "swiss"]
[EventRounds "7"]
[EventCountry "CAN"]

1. e4 c5 2. Nf3 Nc6 3. Bb5 e6 4. Bxc6 bxc6 5. O-O d5 6. Nc3 Nf6 7. d3 Be7 8. h3
O-O 9. Bf4 Ba6 10. Re1 c4 11. dxc4 Bxc4 12. Ne5 Qb6 13. Nxc4 dxc4 14. Rb1 Rfd8
15. Qe2 Bc5 16. Bg5 Rd7 17. Rf1 Bd4 18. Bxf6 Bxf6 19. e5 Be7 20. Qxc4 Rd4 21.
Qe2 Rad8 22. Rfd1 Rxd1+ 23. Nxd1 Rd7 24. Ne3 h6 25. g3 Bc5 26. Nc4 Qd8 27. b3
Rd5 28. a4 Qg5 29. Kg2 Qf5 30. Re1 Bb4 31. Rd1 Qg5 32. h4 Qd8 33. Rxd5 cxd5 34.
Nb2 Qc7 35. Nd3 Bc3 36. f4 Qc6 37. Qf2 d4+ 38. Qf3 Qxf3+ 39. Kxf3 Kf8 40. Ke4
Ke8 41. g4 Kd7 42. Nc1 Kc6 43. Ne2 Kc5 44. Nxc3 dxc3 45. Kd3 Kd5 46. Kxc3 Ke4
47. b4 Kxf4 48. Kd4 Kxg4 49. c4 Kxh4 50. c5 g5 51. c6 g4 52. c7 g3 53. c8=Q g2
54. Qc1 Kg3 55. Qe3+ Kh2 56. Qxh6+ Kg1 57. Qh5 Kf2 58. Qxf7+ Ke1 59. Qg6 Kf1
60. Qf6+ Ke1 61. Qg5 Kf1 62. Qf4+ Ke1 63. Qg3+ Kf1 64. Qf3+ Kg1 65. Ke3 Kh2 66.
Qf2 Kh1 67. Qh4+ Kg1 68. Kf3 Kf1 69. Qf2# 1-0

[Event "CYCC U12"]
[Site "Windsor CAN"]
[Date "2016.07.08"]
[Round "7.51"]
[White "Rodrigue-Lemieux, Shawn"]
[Black "Huang, Patrick"]
[Result "1-0"]
[WhiteElo "2089"]
[BlackElo "1942"]
[PlyCount "65"]
[EventDate "2016.07.05"]
[EventType "swiss"]
[EventRounds "7"]
[EventCountry "CAN"]

1. c4 Nf6 2. g3 c6 3. Bg2 g6 4. Nf3 Bg7 5. O-O O-O 6. Nc3 d6 7. d4 Bg4 8. h3
Bxf3 9. Bxf3 Nbd7 10. e4 Qc7 11. Be3 e5 12. d5 c5 13. Rb1 a6 14. Qd3 Ne8 15. g4
Kh8 16. b4 b6 17. bxc5 bxc5 18. Rb3 Nef6 19. Rfb1 Rfb8 20. Rxb8+ Rxb8 21. Rxb8+
Qxb8 22. g5 Ng8 23. Bg4 Qb7 24. Na4 Nb8 25. Qb3 Qxb3 26. axb3 Ne7 27. Bd2 f5
28. gxf6 Bxf6 29. Ba5 h5 30. Be6 Nbc6 31. dxc6 Nxc6 32. Bc7 Nd4 33. Bc8 1-0

[Event "Choc des generations"]
[Site "Montreal CAN"]
[Date "2016.06.24"]
[Round "1.5"]
[White "Rodrigue-Lemieux, Shawn"]
[Black "Tremblay, Rejean"]
[Result "1/2-1/2"]
[WhiteElo "1965"]
[BlackElo "2189"]
[PlyCount "35"]
[EventDate "2016.06.24"]
[EventType "schev"]
[EventRounds "5"]
[EventCountry "CAN"]

1. d4 Nf6 2. c4 g6 3. g3 Bg7 4. Bg2 O-O 5. Nc3 d6 6. e4 Nc6 7. Nf3 e5 8. dxe5
Nxe5 9. Nxe5 dxe5 10. Bg5 Qxd1+ 11. Rxd1 c6 12. b3 Be6 13. Rd3 Rfe8 14. O-O Nd7
15. Rfd1 Nc5 16. R3d2 f6 17. Be3 Bf8 18. h4 1/2-1/2

[Event "Choc des generations"]
[Site "Montreal CAN"]
[Date "2016.06.25"]
[Round "2.5"]
[White "Rodrigue-Lemieux, Shawn"]
[Black "Fillion, Steve"]
[Result "1/2-1/2"]
[WhiteElo "1965"]
[BlackElo "2154"]
[PlyCount "36"]
[EventDate "2016.06.24"]
[EventType "schev"]
[EventRounds "5"]
[EventCountry "CAN"]

1. c4 c6 2. e4 e5 3. Nf3 d6 4. g3 Nf6 5. Nc3 g6 6. Bg2 Bg7 7. d4 Nbd7 8. dxe5
dxe5 9. O-O O-O 10. b3 Qa5 11. Bb2 Re8 12. a3 Qc7 13. b4 Nb6 14. Qe2 Be6 15.
Nd2 Rad8 16. c5 Nbd7 17. Rac1 Nf8 18. Rfd1 Bh6 1/2-1/2

[Event "Choc des generations"]
[Site "Montreal CAN"]
[Date "2016.06.25"]
[Round "3.5"]
[White "Bolduc, Steve"]
[Black "Rodrigue-Lemieux, Shawn"]
[Result "1-0"]
[WhiteElo "2208"]
[BlackElo "1965"]
[PlyCount "47"]
[EventDate "2016.06.24"]
[EventType "schev"]
[EventRounds "5"]
[EventCountry "CAN"]

1. d4 d5 2. Nc3 Nf6 3. e4 dxe4 4. f3 e3 5. Bxe3 Bf5 6. Nge2 e6 7. g4 Bg6 8. Nf4
Be7 9. h4 Nd5 10. Ncxd5 Bxh4+ 11. Rxh4 Qxh4+ 12. Bf2 Qd8 13. Nc3 c6 14. Qd2 Nd7
15. O-O-O Qc7 16. Bg3 Qa5 17. Kb1 O-O 18. Bc4 b5 19. Bb3 Rfd8 20. Nxg6 hxg6 21.
Qh2 Re8 22. Ne4 Nf6 23. Nxf6+ gxf6 24. Rh1 1-0